LEADER 01495nam 2200337 n 450 001 996389658803316 005 20200824120703.0 035 $a(CKB)4940000000101399 035 $a(EEBO)2248552533 035 $a(UnM)99838053e 035 $a(UnM)99838053 035 $a(EXLCZ)994940000000101399 100 $a19901024d1625 uy | 101 0 $aeng 135 $aurbn||||a|bb| 200 04$aDavids repentance. Or, a plaine and familiar exposition of the Li. Psalme$b[electronic resource] $efirst preached, and now published for the benefit of Gods church. Wherein euery faithfull Christian may see before his eyes the patterne of vnfeigned repentance, whereby we may take heede of the falling into sinne againe. The seauenth edition, newly revised, and profitably amplified by the author Samuel Smith, preacher of the word of God at Prittlewell in Essex 210 $aLondon $cPrinted by Nicholas Okes$d1625 215 $a[30], 554 [i.e. 544] p 300 $aPage numbers 449-458 omitted in page numbering. 300 $aTightly bound, with loss of text; some print faded. 300 $aReproduction of the original in the Cambridge University Library. 330 $aeebo-0021 700 $aSmith$b Samuel$f1588-1665.$01001235 801 0$bCu-RivES 801 1$bCu-RivES 801 2$bCStRLIN 801 2$bWaOLN 906 $aBOOK 912 $a996389658803316 996 $aDavids repentance. Or, a plaine and familiar exposition of the Li. Psalme$92414076 997 $aUNISA